000 00225nam a2200085Ia 4500
008 120527s9999 xx 000 0 und d
100 _aNISTICO,Gluseppe.
245 _aProgress in nonmammalian brain reearch vol. II.
942 _cBK
999 _c24000
_d24000